000
00339nam a2200157Ia 4500
003
OSt
005
20240123101706.0
008
170523s9999 xx 000 0 und d
020
_a
818054771X
040
_c
IIMT
100
_a
SWARUP- KANTI
245
0
_a
OPERATION RESEARCH
260
_b
SULTAN CHAND SONS
260
_c
2000
942
_2
ddc
_c
02
999
_c
72
_d
72